00715 2200265 4500001002100000005001700021008004100038020001800079035002400097082001300121090002000134100001800154245007100172250001100243260003000254300002900284500002700313500001100340650003600351850001500387980001100402985000600413999001500419999001500434YOGYA-0209000000492720090227020747.0 ind  a979-552-042-3 0010-020900000004927 a001.6424 a001.6424bKas P aKASATA, Dodon aPetunjuk praktis pemakaian wordstar 7.0cdisusun oleh Dodon Kasata aCet. 4 aJakartabDinastindoc1994 axi, 144 hlmbilusc21 cm aBibliografi : hlm. 142 aIndeks aWordstar 7.0 (Program komputer) aYOPDYOG(B) a190505 a2 a95P0070446 a95P0062888